000 01049nam a2200313 a 4500
003 CO-ViMGA
005 20230915224041.0
008 890921r19821988sp a r 00110bspa d
020 _a8432204021
035 _aADU0780 LA AFX0668 PA
040 _aCO-ViMGA
_bspa
_cCO-ViMGA
041 0 _aspa
043 _an-mx---
082 0 4 _a928.72
_bC78p
100 1 _aPaz, Octavio,
_d1914-1998.
_911680
245 1 0 _aSor Juana Inés de la Cruz ó Las trampas de la fé /
_cOctavio Paz.
260 _aBarcelona :
_bSeix Barral,
_cc1982.
300 _a658 p. :
_bil. ;
_c20 cm.
440 0 _aBiblioteca breve
_911681
500 _aColección Jorge Ortega Torres.
504 _aIncluye bibliografías e índice.
600 0 6 _aJuana Inés de la Cruz,
_cSor,
_d1651-1695.
_911683
600 0 6 _aJuana Inés de la Cruz,
_cSor,
_d1651-1695
_x Crítica e interpretación.
_911682
650 1 4 _aPoesía religiosa mexicana.
_911684
650 1 6 _aEnsayos mexicanos.
_93910
740 4 2 _aLas trampas de la fé.
942 _2ddc
_cBK
949 _an
_bn
999 _c11253
_d11253